[Event "2.BLS 1617 Caissa Schwarzb. - SC Deizis"]
[Site "?"]
[Date "2017.05.07"]
[Round "9.6"]
[White "Tabatt, Hendrik"]
[Black "Zilka, Stepan"]
[Result "1/2-1/2"]
[WhiteElo "2310"]
[BlackElo "2509"]
[PlyCount "127"]
[EventDate "2017.??.??"]

1. e4 e5 2. Bc4 Nf6 3. d3 c6 4. Bb3 Be7 5. Nc3 d5 6. Nf3 d4 7. Ne2 Qc7 8. Ng5
O-O 9. f4 exf4 10. O-O Bg4 11. Qe1 Bxe2 12. Bxf4 Bd6 13. Bxd6 Qxd6 14. Qxe2
Nbd7 15. Rf5 Rae8 16. Qf2 Re5 17. Rf1 h6 18. Rxf6 Nxf6 19. Nf3 Re7 20. h3 c5
21. Nh4 Rc7 22. Nf5 Qe5 23. Qh4 Ne8 24. g4 Nd6 25. Bd5 Nxf5 26. Rxf5 Qe7 27.
Qh5 c4 28. dxc4 Qb4 29. g5 Qxb2 30. g6 Kh8 31. gxf7 Qxc2 32. Rf2 Qc1+ 33. Rf1
Qe3+ 34. Kg2 d3 35. Qe5 Rcc8 36. Qg3 Qd4 37. Rd1 Rxc4 38. Qxd3 Qxd3 39. Rxd3
Rc1 40. e5 Re1 41. e6 g5 42. Kf2 Re5 43. Bb3 Kg7 44. Rd7 Kf6 45. Rxb7 a5 46.
Ra7 h5 47. e7 Rxe7 48. Rxa5 Re4 49. Ra6+ Kg7 50. Ra5 Rf4+ 51. Kg2 Kg6 52. Re5
Rd8 53. Re8 Rd2+ 54. Kg1 Rdf2 55. Rg8+ Kh7 56. Rxg5 Rf1+ 57. Kg2 Kh6 58. Rg8
Rf6 59. h4 R1f2+ 60. Kg1 R2f4 61. Rh8+ Kg6 62. Rg8+ Kh6 63. Rh8+ Kg6 64. Rg8+
1/2-1/2

[Event "2.BLS 1617 Caissa Schwarzb. - SC Deizis"]
[Site "?"]
[Date "2017.05.07"]
[Round "9.7"]
[White "Schlosser, Philipp"]
[Black "Grewenig, Jan"]
[Result "1-0"]
[WhiteElo "2501"]
[BlackElo "2126"]
[PlyCount "45"]
[EventDate "2017.??.??"]

1. Nf3 Nf6 2. c4 g6 3. Nc3 d5 4. cxd5 Nxd5 5. Qb3 Nb6 6. d4 Bg7 7. e4 O-O 8.
Be3 Bg4 9. O-O-O Nc6 10. d5 Ne5 11. h3 Bxf3 12. gxf3 Qc8 13. f4 Ned7 14. Kb1 c6
15. Rc1 Qb8 16. Bg2 cxd5 17. Nxd5 Nxd5 18. Qxd5 Rd8 19. Rhd1 e6 20. Qb3 e5 21.
fxe5 Qxe5 22. f4 Qh5 23. Rc7 1-0

[Event "2.BLS 1617 Caissa Schwarzb. - SC Deizis"]
[Site "?"]
[Date "2017.05.07"]
[Round "9.8"]
[White "Gress, Alexander"]
[Black "Naiditsch, Yuliya"]
[Result "0-1"]
[WhiteElo "2130"]
[BlackElo "2423"]
[PlyCount "86"]
[EventDate "2017.??.??"]

1. e4 c5 2. Nf3 Nc6 3. d4 cxd4 4. Nxd4 Qb6 5. Nb3 Nf6 6. Nc3 e6 7. Be3 Qc7 8.
a3 a6 9. Be2 b5 10. O-O d6 11. f4 Bb7 12. Bf3 Be7 13. Qd2 O-O 14. g4 Nd7 15.
Qf2 Na5 16. Nxa5 Qxa5 17. Rad1 b4 18. axb4 Qxb4 19. Bd4 Bc6 20. Ne2 e5 21. Bc3
Qb7 22. Qg2 exf4 23. Nd4 Ne5 24. Nxc6 Qxc6 25. g5 Rfe8 26. Rd5 Bf8 27. Bh5 g6
28. Be2 Bg7 29. Rxf4 Qc7 30. Qf2 a5 31. Rf6 Bxf6 32. gxf6 Re6 33. Qh4 Qd8 34.
Bxe5 Rxe5 35. Rd3 Rc8 36. Rh3 h5 37. Rg3 Re6 38. Rf3 Rxc2 39. Bd3 Qb6+ 40. Kf1
Rc1+ 41. Kg2 Qxb2+ 42. Rf2 Qd4 43. Qg5 Rc5 0-1

[Event "2.BLS 1617 Schott Mainz - SC Heusenstam"]
[Site "?"]
[Date "2017.05.07"]
[Round "9.1"]
[White "Sadzikowski, Daniel"]
[Black "Lobron, Eric"]
[Result "1/2-1/2"]
[WhiteElo "2548"]
[BlackElo "2507"]
[PlyCount "27"]
[EventDate "2017.??.??"]

1. e4 c6 2. d4 d5 3. exd5 cxd5 4. Bd3 Nc6 5. c3 Qc7 6. Ne2 Bg4 7. O-O e6 8. Qe1
Bd6 9. f3 Bf5 10. Bxf5 exf5 11. Nf4+ Kf8 12. Nxd5 Bxh2+ 13. Kh1 Bd6 14. Ne3
1/2-1/2

[Event "2.BLS 1617 Schott Mainz - SC Heusenstam"]
[Site "?"]
[Date "2017.05.07"]
[Round "9.2"]
[White "Dann, Matthias"]
[Black "Wieczorek, Oskar"]
[Result "1/2-1/2"]
[WhiteElo "2491"]
[BlackElo "2458"]
[PlyCount "106"]
[EventDate "2017.??.??"]

1. e4 c5 2. Nf3 d6 3. d4 cxd4 4. Nxd4 Nf6 5. Nc3 Nc6 6. Bg5 e6 7. Qd2 a6 8.
O-O-O Bd7 9. f3 b5 10. Nxc6 Bxc6 11. Ne2 h6 12. Be3 Qc7 13. Kb1 Bb7 14. h4 Rc8
15. Rh3 Nd7 16. Nf4 Ne5 17. Bd4 h5 18. b3 g6 19. Nd3 Bg7 20. Bb2 O-O 21. Nxe5
Bxe5 22. Bd3 Bxb2 23. Kxb2 d5 24. exd5 Bxd5 25. g4 Bc4 26. Qh2 Qc5 27. gxh5
Rfd8 28. f4 Qxh5 29. Rd2 Bxd3 30. Rhxd3 Rxd3 31. Rxd3 Qf5 32. h5 gxh5 33. Rg3+
Kf8 34. Rg5 Qf6+ 35. Kb1 Rd8 36. Qg1 Qxf4 37. Rg8+ Ke7 38. Qa7+ Rd7 39. Qc5+
Kf6 40. Qc3+ Qd4 41. Qg3 Ke7 42. Qb8 e5 43. Rh8 h4 44. Qf8+ Ke6 45. Rh6+ Kf5
46. Qh8 Qd1+ 47. Kb2 Qd4+ 48. Kb1 e4 49. Qh7+ Kg5 50. Rxh4 Qg1+ 51. Kb2 Qd4+
52. Kb1 Qd1+ 53. Kb2 Qd4+ 1/2-1/2

[Event "2.BLS 1617 Schott Mainz - SC Heusenstam"]
[Site "?"]
[Date "2017.05.07"]
[Round "9.3"]
[White "Zuyev, Igor"]
[Black "Balcerak, Jakob"]
[Result "1/2-1/2"]
[WhiteElo "2426"]
[BlackElo "2453"]
[PlyCount "149"]
[EventDate "2017.??.??"]

1. e4 c5 2. Nc3 d6 3. f4 g6 4. Nf3 Bg7 5. Bb5+ Bd7 6. Bc4 Nc6 7. O-O Na5 8. Qe2
Nxc4 9. Qxc4 Nh6 10. d3 a6 11. a4 b5 12. axb5 axb5 13. Rxa8 bxc4 14. Rxd8+ Kxd8
15. dxc4 Bxc3 16. bxc3 f5 17. e5 Nf7 18. Re1 Bc6 19. e6 Bxf3 20. gxf3 Nh6 21.
Be3 Kc7 22. Ra1 Kb7 23. Bf2 Re8 24. Bh4 Ng8 25. Rb1+ Kc6 26. Kf2 Nf6 27. Rd1
Nh5 28. Bg5 Ng7 29. Re1 Ra8 30. Bxe7 Re8 31. Bf6 Nxe6 32. Re2 Kd7 33. Bg5 Ra8
34. Ke3 Ra1 35. Bh6 Nd8 36. Rf2 Nc6 37. Bg5 Na5 38. Kd3 Rd1+ 39. Ke2 Rh1 40.
Kd3 Rg1 41. h4 Rd1+ 42. Ke2 Rh1 43. Kd3 Nc6 44. Rg2 Nd8 45. Re2 Ne6 46. Kd2 Rh3
47. Ke3 Kc6 48. Rd2 Nc7 49. Bd8 Kd7 50. Bf6 Ne8 51. Bg5 Rh1 52. Re2 Nc7 53. Kd2
Ne6 54. Rg2 Rh3 55. Ke2 Nd8 56. Rf2 Nf7 57. Rg2 Kc6 58. Be7 Kd7 59. Bg5 Kc6 60.
Ke3 Rh1 61. Rd2 h6 62. Bf6 Re1+ 63. Re2 Rxe2+ 64. Kxe2 d5 65. cxd5+ Kxd5 66.
Kd3 Nd6 67. Bg7 h5 68. Bf6 Nc4 69. Bd8 Nb2+ 70. Ke2 Kc4 71. Kd2 Na4 72. Bf6 Nb6
73. Bg7 Nd5 74. Be5 Nb6 75. Ke3 1/2-1/2

[Event "2.BLS 1617 Schott Mainz - SC Heusenstam"]
[Site "?"]
[Date "2017.05.07"]
[Round "9.4"]
[White "Schenderowitsch, Michael"]
[Black "Weichhold, Pawel"]
[Result "0-1"]
[WhiteElo "2344"]
[BlackElo "2428"]
[PlyCount "60"]
[EventDate "2017.??.??"]

1. d4 Nf6 2. Nf3 g6 3. Bg5 Bg7 4. Nbd2 d6 5. e4 Nbd7 6. Bc4 e5 7. c3 h6 8. Bxf6
Qxf6 9. Qc2 O-O 10. O-O g5 11. dxe5 dxe5 12. b4 Re8 13. Nb3 Nf8 14. Nfd2 Ng6
15. g3 h5 16. Rfe1 Bh6 17. Bf1 g4 18. Nc4 h4 19. Ne3 Bxe3 20. Rxe3 Kg7 21. Rd1
Rh8 22. Na5 Rh5 23. Rd2 Nf8 24. Qd1 b6 25. Nc4 Be6 26. h3 Rg5 27. hxg4 Bxg4 28.
Be2 Be6 29. Nxe5 Qxe5 30. f4 Qxf4 0-1

[Event "2.BLS 1617 Schott Mainz - SC Heusenstam"]
[Site "?"]
[Date "2017.05.07"]
[Round "9.5"]
[White "Barski, Radoslaw"]
[Black "Gohil, Harry"]
[Result "1-0"]
[WhiteElo "2412"]
[BlackElo "2260"]
[PlyCount "83"]
[EventDate "2017.??.??"]

1. e4 c5 2. Nf3 Nc6 3. Bb5 d6 4. O-O Bd7 5. Re1 Nf6 6. c3 Ne5 7. Bxd7+ Nfxd7 8.
d4 Nxf3+ 9. Qxf3 Qb6 10. dxc5 Qxc5 11. Na3 g6 12. Be3 Qc6 13. Nc2 Bg7 14. Nb4
Ne5 15. Qg3 Qd7 16. Bd4 O-O 17. Rad1 Nc6 18. Bxg7 Kxg7 19. Nd5 f5 20. exf5 Rxf5
21. Nxe7 Nxe7 22. Rxd6 Qe8 23. Rde6 Kf8 24. Rxe7 Qxe7 25. Rxe7 Kxe7 26. Qc7+
Kf6 27. f4 Re8 28. g4 Rd5 29. g5+ Ke6 30. Qxh7 Rd2 31. Kf1 Rxb2 32. Qxg6+ Kd7
33. Qf7+ Re7 34. Qd5+ Ke8 35. g6 Rxh2 36. Qg8+ Kd7 37. g7 Rd2 38. Qf8 Rd1+ 39.
Kf2 Rd2+ 40. Kf3 Rd3+ 41. Kg4 Rxc3 42. Qf5+ 1-0

[Event "2.BLS 1617 Schott Mainz - SC Heusenstam"]
[Site "?"]
[Date "2017.05.07"]
[Round "9.6"]
[White "Bewersdorff, Oliver"]
[Black "Solonar, Stefan"]
[Result "1/2-1/2"]
[WhiteElo "2288"]
[BlackElo "2324"]
[PlyCount "28"]
[EventDate "2017.??.??"]

1. d4 Nf6 2. c4 d6 3. Nf3 g6 4. g3 Bg7 5. Bg2 O-O 6. O-O c6 7. Nc3 Qa5 8. e4 e5
9. h3 Nbd7 10. Re1 exd4 11. Nxd4 Ne5 12. Bf1 Be6 13. Nxe6 fxe6 14. Kg2 Rad8
1/2-1/2

[Event "2.BLS 1617 Schott Mainz - SC Heusenstam"]
[Site "?"]
[Date "2017.05.07"]
[Round "9.7"]
[White "Klundt, Klaus"]
[Black "Lisanti, Andre"]
[Result "1-0"]
[WhiteElo "2316"]
[BlackElo "2247"]
[PlyCount "67"]
[EventDate "2017.??.??"]

1. e4 c5 2. Nf3 e6 3. d4 cxd4 4. Nxd4 a6 5. Bd3 Nc6 6. Nxc6 bxc6 7. O-O e5 8.
Nd2 Bd6 9. Nc4 Bc7 10. f4 d6 11. Qf3 Be6 12. b3 f6 13. Qg3 g6 14. fxe5 dxe5 15.
Ba3 Qd4+ 16. Kh1 O-O-O 17. Rad1 Qa7 18. Be2 Rd4 19. Bg4 Bxg4 20. Qxg4+ f5 21.
Qh3 Nf6 22. Rxd4 Qxd4 23. exf5 g5 24. Bb2 Qc5 25. Qe3 Qxe3 26. Nxe3 Ne4 27. Nc4
Rd8 28. g3 h5 29. f6 Bd6 30. f7 Bf8 31. Bxe5 g4 32. Re1 Nf2+ 33. Kg2 Nh3 34.
Bf6 1-0

[Event "2.BLS 1617 Schott Mainz - SC Heusenstam"]
[Site "?"]
[Date "2017.05.07"]
[Round "9.8"]
[White "Siebenhaar, Erich"]
[Black "von Rahden, Arvid"]
[Result "1/2-1/2"]
[WhiteElo "2065"]
[BlackElo "2200"]
[PlyCount "21"]
[EventDate "2017.??.??"]

1. d4 d5 2. Nf3 Nf6 3. e3 Bf5 4. Nbd2 e6 5. b3 Nbd7 6. Bb2 Be7 7. Be2 O-O 8.
Ne5 Nxe5 9. dxe5 Ne4 10. Nxe4 Bxe4 11. O-O 1/2-1/2

[Event "2.BLS 1617 SC Viernheim - SF Schöneck"]
[Site "?"]
[Date "2017.05.07"]
[Round "9.1"]
[White "Polak, Tomas"]
[Black "Fedorchuk, Sergey"]
[Result "1/2-1/2"]
[WhiteElo "2512"]
[BlackElo "2621"]
[PlyCount "25"]
[EventDate "2017.??.??"]

1. d4 Nf6 2. c4 e6 3. Nf3 Bb4+ 4. Bd2 a5 5. g3 b6 6. Bg2 Bb7 7. O-O O-O 8. Bf4
Be7 9. Nc3 Ne4 10. Qc2 Nxc3 11. Qxc3 Be4 12. Rad1 Na6 13. a3 1/2-1/2

[Event "2.BLS 1617 SC Viernheim - SF Schöneck"]
[Site "?"]
[Date "2017.05.07"]
[Round "9.2"]
[White "Maze, Sebastien"]
[Black "Poetsch, Hagen"]
[Result "1-0"]
[WhiteElo "2619"]
[BlackElo "2487"]
[PlyCount "57"]
[EventDate "2017.??.??"]

1. e4 e6 2. d4 d5 3. Nc3 Nf6 4. Bg5 dxe4 5. Nxe4 Be7 6. Bxf6 gxf6 7. Qd2 a6 8.
O-O-O b5 9. g4 Bb7 10. Bg2 Bd5 11. f4 h5 12. f5 hxg4 13. Qf4 exf5 14. Qxf5 Be6
15. Qf2 c6 16. Ne2 Nd7 17. Nf4 Qb6 18. Qe2 O-O-O 19. Ng3 Bd6 20. Nxe6 fxe6 21.
Qxe6 Qc7 22. Nf5 Bf4+ 23. Kb1 Kb7 24. Ne7 Nb8 25. d5 Rhe8 26. dxc6+ Ka7 27.
Rxd8 Qxd8 28. Qxg4 Bxh2 29. Nc8+ 1-0

[Event "2.BLS 1617 SC Viernheim - SF Schöneck"]
[Site "?"]
[Date "2017.05.07"]
[Round "9.3"]
[White "Konopka, Michal"]
[Black "Tarlev, Konstantin"]
[Result "1/2-1/2"]
[WhiteElo "2390"]
[BlackElo "2567"]
[PlyCount "59"]
[EventDate "2017.??.??"]

1. Nf3 Nf6 2. c4 g6 3. g3 Bg7 4. Bg2 O-O 5. O-O c6 6. d4 d5 7. cxd5 cxd5 8. Ne5
e6 9. Nc3 Nfd7 10. f4 Nc6 11. Be3 Nb6 12. Bf2 Ne7 13. Rc1 Bd7 14. b3 Rc8 15.
Qd2 Rc7 16. Rc2 Qb8 17. Rfc1 Rfc8 18. e3 Be8 19. Bf1 Nf5 20. Nb1 Rxc2 21. Rxc2
Nd6 22. Rxc8 Nbxc8 23. Qc2 Ne4 24. Be1 Ncd6 25. Nd2 Bf8 26. Nxe4 Nxe4 27. Bd3
Nf6 28. g4 Nd7 29. Bh4 Kg7 30. Kg2 1/2-1/2

[Event "2.BLS 1617 SC Viernheim - SF Schöneck"]
[Site "?"]
[Date "2017.05.07"]
[Round "9.4"]
[White "Beikert, Guenther"]
[Black "Marchio, Enrico"]
[Result "1/2-1/2"]
[WhiteElo "2415"]
[BlackElo "2289"]
[PlyCount "64"]
[EventDate "2017.??.??"]

1. e4 d5 2. exd5 Nf6 3. c4 c6 4. d4 cxd5 5. Nc3 g6 6. Qb3 Bg7 7. cxd5 O-O 8.
Bc4 Nbd7 9. Nf3 Nb6 10. O-O Bf5 11. Re1 Rc8 12. Bf1 Nfxd5 13. Nxd5 Qxd5 14.
Rxe7 Be4 15. Nd2 Qxb3 16. Nxb3 Bd5 17. Re1 Nc4 18. Rb1 a5 19. Rd1 b6 20. Bf4
Rfd8 21. f3 Be6 22. Bg5 Rd5 23. Bxc4 Rxc4 24. Be3 Rb4 25. Kf2 a4 26. Nc1 Bxd4
27. Nd3 Rbb5 28. b3 axb3 29. Rxb3 Bxe3+ 30. Kxe3 Rh5 31. Rxb5 Rxb5 32. Rd2 Rb1
1/2-1/2

[Event "2.BLS 1617 SC Viernheim - SF Schöneck"]
[Site "?"]
[Date "2017.05.07"]
[Round "9.5"]
[White "Nazarenus, Moritz"]
[Black "Meinhardt, Maximilian"]
[Result "1/2-1/2"]
[WhiteElo "2234"]
[BlackElo "2383"]
[PlyCount "81"]
[EventDate "2017.??.??"]

1. d4 e6 2. c4 d5 3. Nc3 c5 4. cxd5 exd5 5. Nf3 Nc6 6. g3 c4 7. Bg2 Bb4 8. O-O
Nge7 9. Bf4 O-O 10. Ne5 Be6 11. Nxc6 bxc6 12. Qc2 Rc8 13. a3 Ba5 14. Rfd1 Ng6
15. Bd2 Bb6 16. e3 Qf6 17. b3 Bf5 18. Qa2 Bd3 19. Bf1 Bxf1 20. Rxf1 Qf3 21. Qb1
c5 22. Qd1 Qf5 23. dxc5 Bxc5 24. bxc4 dxc4 25. Qb1 Qh5 26. Rd1 Rfe8 27. Qb7 Ne5
28. Bc1 Rc6 29. h4 Qf3 30. Ra2 Qg4 31. Rd5 Nf3+ 32. Kf1 Qh3+ 33. Ke2 Qg2 34.
Qd7 Ng1+ 35. Ke1 Nf3+ 36. Ke2 Rec8 37. Rf5 Ng1+ 38. Ke1 Nf3+ 39. Ke2 Ng1+ 40.
Ke1 Nf3+ 41. Ke2 1/2-1/2

[Event "2.BLS 1617 SC Viernheim - SF Schöneck"]
[Site "?"]
[Date "2017.05.07"]
[Round "9.6"]
[White "Markert, Malte"]
[Black "Meyer, Kai-Christian"]
[Result "1-0"]
[WhiteElo "2345"]
[BlackElo "2156"]
[PlyCount "57"]
[EventDate "2017.??.??"]

1. Nf3 Nf6 2. d4 d5 3. c4 c6 4. Nc3 a6 5. a4 e6 6. Bg5 Be7 7. e3 O-O 8. Bd3 a5
9. Rc1 Na6 10. Ne5 dxc4 11. Nxc4 Nb4 12. Bb1 b5 13. Ne5 bxa4 14. O-O Ba6 15.
Re1 Nd7 16. Qh5 f5 17. Bxe7 Qxe7 18. Nxd7 Qxd7 19. Nxa4 Qd6 20. Nc5 Bb5 21. e4
g6 22. Qh6 Rae8 23. h4 fxe4 24. Rxe4 Rf5 25. Rg4 Qf8 26. Rxg6+ hxg6 27. Qxg6+
Kh8 28. Bxf5 exf5 29. Nd7 1-0

[Event "2.BLS 1617 SC Viernheim - SF Schöneck"]
[Site "?"]
[Date "2017.05.07"]
[Round "9.7"]
[White "Meyer-Cording, Claus"]
[Black "Mandel, Andreas"]
[Result "1/2-1/2"]
[WhiteElo "2070"]
[BlackElo "2399"]
[PlyCount "82"]
[EventDate "2017.??.??"]

1. d4 Nf6 2. Bf4 g6 3. Nf3 Bg7 4. h3 O-O 5. e3 d6 6. Bd3 Nbd7 7. c3 Qe8 8. Bh2
e5 9. Be2 b6 10. O-O Bb7 11. dxe5 dxe5 12. Nbd2 Qe7 13. Qc2 Rfe8 14. Rfd1 a6
15. c4 Rad8 16. Rac1 h6 17. a3 a5 18. Ne1 Nc5 19. b4 axb4 20. axb4 Na6 21. b5
Nc5 22. Bf3 e4 23. Be2 Rc8 24. Nb3 Nfd7 25. Nd4 Ne5 26. Rd2 Ra8 27. Rdd1 h5 28.
Ra1 Qg5 29. Bf4 Qf6 30. Rxa8 Rxa8 31. Nb3 Bf8 32. Nxc5 Bxc5 33. Qd2 Kg7 34. Kf1
Bd6 35. Qd4 Re8 36. Bg3 Re6 37. Ra1 Nd7 38. Bh4 Qe5 39. Bg3 Qf6 40. Bh4 Qe5 41.
Bg3 Qf6 1/2-1/2